Central Library OPAC University of Rajshahi

International banking and foreign trade / (Record no. 45395)

MARC details
000 -LEADER
fixed length control field 00879nam a2200229 a 4500
001 - CONTROL NUMBER
control field 45395
003 - CONTROL NUMBER IDENTIFIER
rucl marc code BD-RjUL
005 - DATE AND TIME OF LATEST TRANSACTION
control field 20211209054015.0
008 - FIXED-LENGTH DATA ELEMENTS--GENERAL INFORMATION
fixed length control field 1607 s1955 enk b 000 0 eng
035 ## - SYSTEM CONTROL NUMBER
System control number (BD-RjUL)45513
040 ## - CATALOGING SOURCE
Original cataloging agency DLC
Transcribing agency CCC
Modifying agency Uk
-- DLC
-- BD-RjUL
Language of cataloging eng
041 ## - LANGUAGE CODE
Language code of text/sound track or separate title eng
082 ## - DEWEY DECIMAL CLASSIFICATION NUMBER
Edition number 23
Classification number 382
Author mark and year INT 1955
111 ## - MAIN ENTRY--MEETING NAME
Meeting name or jurisdiction name as entry element being the lectures delivered at the Eighth International Banking Summer School,
Location of meeting Christ Church, Oxford,
Date of meeting September 1955.
9 (RLIN) 138993
245 10 - TITLE STATEMENT
Title International banking and foreign trade /
Statement of responsibility, etc. being the lectures delivered at the Eighth International Banking Summer School, Christ Church, Oxford, September 1955.
260 ## - PUBLICATION, DISTRIBUTION, ETC. (IMPRINT)
Place of publication, distribution, etc. London :
Name of publisher, distributor, etc. Europa Publications,
Date of publication, distribution, etc. 1955
300 ## - PHYSICAL DESCRIPTION
Pagination 226 p. :
Illustrations ill. ;
Size 23 cm.
650 #0 - SUBJECT ADDED ENTRY--TOPICAL TERM
Topical term or geographic name as entry element Commerce
General subdivision History.
9 (RLIN) 133088
Topical term or geographic name as entry element Currency question.
9 (RLIN) 138985
Topical term or geographic name as entry element Foreign exchange.
9 (RLIN) 138986
942 ## - ADDED ENTRY ELEMENTS (KOHA)
Source of classification or shelving scheme Dewey Decimal Classification
Koha item type Books
Holdings
Lost status Source of classification or shelving scheme Damaged status Not for loan Collection code Permanent Location Current Location Shelving location Date acquired Source of acquisition Cost, normal purchase price Total Checkouts Full call number Date last seen Copy number Koha item type
  Dewey Decimal Classification     Non-fiction Central Library, University of Rajshahi Central Library, University of Rajshahi   25/08/1956 Pul. United Ltd. 192.00   382 INT 1955 25/07/2016 C-2 Books